000 00741nam a2200229 a 4500
001 48121
003 BD-RjUL
005 20211209054450.0
008 160811s2010 bg ||||| |||| 00| f ben d
020 _c: Tk. 90.00
035 _a(BD-RjUL)48240
040 _aBD-RjUL
_bben
_cBD-RjUL
041 _aben
082 _223
_a891.443
_bNAM 2010
100 _aনাথ, অতনু দেব
_9145830
245 1 0 _aমে-এ মানুষ ? /
_cঅতনু দেব নাথ
260 _aঢাকা :
_bঅদ্বৈত প্রকাশনী,
_c২০১০
300 _a৭২ পৃ. ;
_c২০ সেমি
650 _aবাংলা উপন্যাস
_9145831
650 _aBengali Fiction
_9145832
942 _2ddc
_cBK
999 _c48121
_d48121